| 000 | 01161nam a22002057a 4500 | ||
|---|---|---|---|
| 003 | LK-CoMWRAF | ||
| 005 | 20231220111519.0 | ||
| 008 | 231220b |||||||| |||| 00| 0 eng d | ||
| 020 | _a9789556070576 | ||
| 040 |
_aLK-CoMWRAF _dLK-CoMWRAF _eLK-CoMWRAF |
||
| 041 | _asin | ||
| 082 |
_a320 _bEDI |
||
| 100 | _aඑදිරිසිංහ, රොහාන් | ||
| 110 | _aවැලිකල, අසංග | ||
| 245 | _aසිවිල්, දේශපාලන සහ කම්කරු අයතිවාසිකම් පිළිබඳ අන්තර් ජාතික සම්මුති ශ්රී ලංකාවේ ක්රියාවේ යෙදවීම පිළිබඳ විවේචනාත්මක ඇගයීමක් | ||
| 246 | _aCivil, deshapalana saha kamkaru ayithiwasikam pilibanda antharjathika sammuthi Sri Lankawe yedaweema pilibanda wiwechanathmaka agayiimak | ||
| 260 |
_aකොළඹ : _bවිකල්ප ප්රතිපත්ති කේන්ද්රය _c2009 |
||
| 650 | _aසිවිල්, දේශපාලන සහ කම්කරු අයතිවාසිකම් | ||
| 942 | _cBK | ||
| 999 |
_c4536 _d4536 |
||